عرض عادي عرض مارك
  • محمود، منال طلعت

مدخل إسم شخص

عدد التسجيلات المستخدمة في: 1

001 - رقم الضبط

  • حقل الضبط: 21991

003 - معرف رقم الضبط

  • حقل الضبط: OSt

005 - تاريخ ووقت أخر عملية

  • حقل الضبط: 20130302130502.0

008 - عناصر بيانات ثابتة الطول

  • حقل تحكم ثابت الطول: 130302|||a|||||| | ||| d

040 ## - مصدر الفهرسة

  • هيئة الفهرسة الأصلية: OSt
  • وكالة الكتابة: OSt

100 ## - مدخل -- أسم شخص

  • إسم شخص: محمود، منال طلعت

670 ## - بيانات المصدر موجوده

  • الاستشهاد بالمصدر: Work cat.: (OSt): محمود، منال طلعت, أساسيات في علم الإدارة / , 2012